000 00623nam a2200205 a 4500
005 20210219152825.0
008 991125n 000 0 spa u
035 _aUPN01000062403
100 1 _aJarausch, Konrad H
222 _aREVISTA DE EDUCACION
245 _aAbogados, maestros e ingenieros : algunas reflexiones sobre la transformación de la Bilgunsbürgertum alemana : 1900-1950
260 _aMadrid, España
300 _a241-258
362 0 _a1989 No. extraordinario
653 0 _aALEMANIA
653 0 _aFORMACION DE MAESTROS
653 0 _aPRACTICA DOCENTE
904 _aAC
_b000214
905 _aArticulo
999 _c61701
_d61701